Fallout 4 Unique weapons - Statistics

General Stats
  • This quiz has been taken 115 times
  • The average score is 17 of 44
Answer Stats
Hint Answer % Correct
Potential reward for completing the quest Tradecraft (10mm pistol) the Deliverer
82%
Found in a random encouter on the corpse of an Alien Alien Blaster pistol
72%
Found during the quest Reunions on the body of your wife's killer (.44 pistol) Kellogg's Pistol
69%
Sold by Arturo Rodriguez in Diamond City (Fat Man) Big Boy
68%
Located at ArcJet Systems can shoot Junk Junk Jet
66%
Locked away in Vault 111 Cryolater
61%
Sold by Cricket has explosive bullets (Submachine Gun) Spray n' Pray
61%
Given to you by Barney in Salem good against Mirelurks (Hunting Sniper Rifle) Reba II
60%
Sold by Alexis Combes in Vault 81 (Combat Rifle) Overseer's Guardian
59%
Reward for the quest the Silver Shroud (Submachine Gun) Silver Submachine Gun
57%
Given to you by Captain Ironsides for the quest Last Voyage of the USS Constitution Broadsider
48%
Inside Hubris Comics in a display case Grognak's Axe
47%
Reward for the quest Call to Arms with the BoS (Laser Rifle) Righteous Authority
47%
Reward for completing the Big Dig (Minigun) Ashmaker
46%
Found in the sewer of Walden Pond (Pipe Wrench) Big Jim
44%
Located in the Pickman Gallery (Combat Knife) Pickman's Blade
44%
Sold by KL-E-0 in Goodneigbor (Missile Launcher) Partystarter
43%
Saugus Ironworks reward for Out of Fire Shishkebab
42%
Potential reward for the quest The Secret of Cabot House (Gamma Gun) Lorenzo's Artifact
41%
Found during the quest Long Time Coming by the Ghoul Criminal (.44 pistol) Eddie's Peace
40%
Given to you by Shaun after completing unmarked quests (Laser Rifle) Wazer Wifle
40%
Carried by Virgil either kill him or steal it (Institute Rifle) Virgil's Rifle
39%
Found in the Cabot House (Gamma Gun) Zeta Gun
36%
Sold by Ronnie Shaw at the Castle (Gauss Rifle) The Last Minute
34%
Sold by Penny Fitzgerald in Covenant (Combat Shotgun) Justice
33%
Shotgun found in Libertalia in the captain's cabin (Combat Shotgun) Le Fusil Terribles
33%
Sold by Tinker Tom in the Railroad HQ (Hunting rifle) Tinker Tom Special
33%
Sold by Deb in Bunker Hill (10mm pistol) Wastelander's Friend
31%
Reward for solving the Vitale pumphouse number puzzle (.44 pistol) The Gainer
30%
Found underwater at the bottom of the Dunwich Borers (Machete) Kremvh's Tooth
28%
Located at Jamaica Plain one of the Treasures (Baseball Bat) 2076 World Series Baseball bat
27%
Persuassion Check with General Zao Zao's sword
24%
Sold by Arturo Rodriguez in Diamond City (Laser pistol) Old Faithful
23%
Sold by Teagan if you get promoted to Paladin (Missile Launcher) Death From Above
22%
Given to you by Paladin Brandis of the quest the Lost Patrol (Laser Rifle) Survivor's Special
21%
Carried by Elder Maxson (Gatling Laser) Final Judgement
20%
Reward for the quest the Gilded Grasshopper (Revolutionary sword) Shem Drowne sword
20%
Sold by Trudy at the Drumlin Diner (Chinese officer sword) General Chao's Revenge
18%
Sold by Moe Cronin in Diamond City (Baseball Bat) Rockville Slugger
18%
Sold by the Synth requisition officer in the Institute (Plasma rifle) Experiment 18-A
16%
Carried by Gunner leader Clint in Quincy Good Intentions
13%
In a hidden room opened opened with a button in a safe (Laser rifle) Prototype UP77 Limitless Potential
6%
Sold by a level 4 workshop merchant (Ripper) Reckoning
6%
Sold by Teagan if you get promoted to Sentinal (Plasma Rifle) Sentinel's Plasmacarter
1%
No matching quizzes found
Score Distribution
Percent of People with Each Score
Percentile by Number Answered
Your Score History
You have not taken this quiz